00000000nam 2200000za 4500
0019.653011
003CaOODSP
00520210615115925
007ta
008150407s1992    quc    #     f|0| 0 eng d
020 |a0-660-57098-X
040 |aCaOODSP|beng
041 |aeng
041 |afre
043 |an-cn---
0861 |aCo28-1/87-1992
24500|aThesaurus of information sciences and technologies / |cEdited by Denis Beauchemin.
260 |aLaval - Quebec : |bCommunications Canada. |c1992.
300 |aEnglish text, 164p. ; |c28 cm.
500 |a"In 1987, the Integrated Service of Information Resources (ISIR) of the Canadian Workplace Automation Research Centre (CWARC) began to set up a bibliographic data base to manage and make usable its documentation collection, which consists of printed, machine-readable, audio-visual, microfilm and other types of documents and covers mainly the subject fields that are relevant to CWARC's activities.... This research is conducted in the area of information and communications technology, which includes such subject fields as computer science, telecommunications, optics, acoustics and graphics and their specific information-processing applications (production, conversion, storage, distribution and access)."--Introduction.
5203 |aThis handy reference from the Canadian Workplace Automation Research Centre (CWARC) gives users insight into vocabulary used for information architecture, multimedia systems and performance support systems. The English-French, recto-verso format contains more than 3,000 terms, with an alphabetical and hierarchical list of generic terms as well as proper nouns identifying products, services and organizations.
546 |aBilingual
563 |aSoftcover
590 |a92-48|b1992-11-27
69007|aInformation|2gcpds
69007|aInformation technology|2gcpds
7101 |aCanada. |bCommunications Canada.
7102 |aCanadian Workplace Automation Research Centre‏.
7201 |aBeauchemin, Denis
7760#|tThesaurus of information sciences and technologies / |w(CaOODSP)9.699644
7760#|tThesaurus des sciences et des technologies de l'information |w(CaOODSP)9.643620
792 |tThesaurus des sciences et des technologies de l'information / |efre|w(CaOODSP)9.653012